000 01531nam a2200385Ia 4500
001 dia_4928
003 CHAP
005 20240403115803.0
007 ta
008 220117s2011 mx ado f 001 0 spa d
040 _cCHAP
_amxchpua
090 _aT.C.537
_bG37 EIUPA
_c2011
245 1 0 _aAVIGM. S.A. de C.V. /
_ccoordinadores Luis Ramiro García Chávez y Horacio Vinicio Santoyo Cortés ; colaboradores Víctor Alfonso Carrasco Castelán...[y otros]
260 _aMéxico :
_bEl autor,
_c2011
300 _a36 hojas :
_bilustraciones, tablas, gráficas, plano, fotos
336 _2rdacontent
_atexto
_btxt
337 _2rdamedia
_ano mediado
_bn
338 _2rdacarrier
_avolumen
_bnc
500 _aGrado: 7° año Grupo: 03
502 _aViaje de estudios
_b(EIUPA) --
_cUACh. Departamento de Ingeniería Agroindustrial,
_d2011
505 0 0 _aContiene 2 planos : -- 1.Distribución de áreas -- 2.Diagrama de flujo
650 1 3 _aIndustria del huevo
_9157071
_zMéxico
_zJalisco
650 1 3 _aProductos dervidos del huevo
_9157072
650 1 3 _aEgg products
_9154628
650 1 3 _aEgg industry
_9157070
_zMexico
_zJalisco
700 1 _aGarcía Chávez, Luis Ramiro
_945860
_ecoordinador
700 1 _aSantoyo Cortés, Vinicio Horacio
_9147239
_ecoordinador
700 1 _aCarrasco Castelán, Víctor Alfonso
_9125760
_ecolaborador
901 _aT.C.537 G37 EIUPA 2011
902 _aM
905 _a5212272011 mx aimn8223223322spa16
942 _2local
942 _cVE
999 _c175727
_d175727